[Event "World Rapid 2018"]
[Site "St Petersburg RUS"]
[Date "2018.12.26"]
[Round "3.93"]
[White "Dzhumagaliev, Yan"]
[Black "Perdomo, Carlos Andres"]
[Result "1-0"]
[WhiteTitle "FM"]
[BlackTitle "IM"]
[WhiteElo "2410"]
[BlackElo "2301"]
[WhiteFideId "24100110"]
[BlackFideId "4400852"]
[EventDate "2018.12.26"]

1. d4 d5 2. c4 e6 3. Nf3 Be7 4. g3 Nf6 5. Bg2 O-O 6. O-O c6 7. Qc2 b6 8. Rd1 Bb7
9. b3 Na6 10. Nc3 Rc8 11. e4 dxe4 12. Nxe4 Nb4 13. Qe2 Nxe4 14. Qxe4 Rc7 15. Bf4
Rd7 16. Ne5 c5 17. Qe2 Bxg2 18. Nxd7 Qxd7 19. Kxg2 cxd4 20. a3 Nc6 21. b4 f6 22.
Qg4 f5 23. Qf3 Bf6 24. Rac1 g5 25. b5 Na5 26. Bd2 g4 27. Qd3 Nb7 28. Bb4 Nc5 29.
Bxc5 bxc5 30. f4 h5 31. h4 Qb7+ 32. Kh2 Qe4 33. Rc2 Qxd3 34. Rxd3 Kf7 35. Re2
Re8 36. a4 Be7 37. a5 Bd6 38. Rb3 Rb8 39. b6 a6 40. Kg2 Ke7 41. Kf1 Kd7 42. Ke1
Re8 43. Kd2 Kc6 44. Rb1 Bb8 45. Rbe1 Kd7 46. Kd3 Bd6 47. Rb1 Bb8 48. Rb3 Kc6 49.
b7 Bc7 50. Rb6+ Bxb6 51. Rxe6+ Rxe6 52. b8=Q Re3+ 53. Kc2 Bxa5 54. Qc8+ Bc7 55.
Qxa6+ Kd7 56. Qf6 Rxg3 57. Qxf5+ Kc6 58. Qd5+ Kb6 59. f5 d3+ 60. Kb3 d2+ 61. Ka4
Bf4 62. Qd8+ Kb7 63. f6 Rg1 64. f7 d1=Q+ 65. Qxd1 Rxd1 66. f8=Q Bd6 1-0

[Event "World Rapid 2018"]
[Site "St Petersburg RUS"]
[Date "2018.12.26"]
[Round "3.94"]
[White "Gurvich, Vitaly"]
[Black "Rashkovsky, Nukhim N"]
[Result "1-0"]
[WhiteTitle "FM"]
[BlackTitle "GM"]
[WhiteElo "2270"]
[BlackElo "2482"]
[WhiteFideId "24164852"]
[BlackFideId "4100603"]
[EventDate "2018.12.26"]

1. d4 Nf6 2. c4 e6 3. Nf3 Bb4+ 4. Bd2 Qe7 5. g3 Bxd2+ 6. Qxd2 Nc6 7. Nc3 d5 8.
Bg2 dxc4 9. Ne5 Nxe5 10. dxe5 Nd7 11. f4 Nb6 12. O-O-O Bd7 13. Bxb7 Rb8 14. Bf3
O-O 15. Qc2 Qb4 16. Rd4 c5 17. Rd6 Ba4 18. Qd2 Qa5 19. Ne4 Qb5 20. Nc3 Qa5 21.
Ne4 Qb5 22. Nc3 Qa6 23. g4 Qa5 24. Ne4 Qb5 25. Nc3 Qb4 26. f5 Kh8 27. f6 Rg8 28.
fxg7+ Rxg7 29. Rd8+ Rg8 30. Rxg8+ Rxg8 31. a3 Qa5 32. Qf4 Rg7 33. Nxa4 Nxa4 34.
Qxc4 Nb6 35. Qd3 Rg8 36. Rd1 c4 37. Qc3 Qc5 38. Qd4 Qa5 39. Qf4 Rf8 40. Qf6+ Kg8
41. Qg5+ Kh8 42. Qf6+ Kg8 43. Be4 Nd5 44. Qh6 f5 45. Qxe6+ Kh8 46. Qxd5 1-0

[Event "World Rapid 2018"]
[Site "St Petersburg RUS"]
[Date "2018.12.26"]
[Round "3.95"]
[White "Mamatov, Melis"]
[Black "Sanikidze, Tornike"]
[Result "0-1"]
[BlackTitle "GM"]
[WhiteElo "2223"]
[BlackElo "2507"]
[WhiteFideId "13800027"]
[BlackFideId "13602608"]
[EventDate "2018.12.26"]

1. e4 d6 2. d4 g6 3. Nc3 Bg7 4. f4 Nc6 5. Nf3 Bg4 6. Be3 Bxf3 7. gxf3 e6 8. Qd2
d5 9. O-O-O Nge7 10. Bh3 Qd6 11. Rhg1 a6 12. f5 exf5 13. exf5 O-O 14. Bf4 Qb4
15. Ne2 Qb6 16. Bh6 Nd8 17. Bxg7 Kxg7 18. Ng3 Kh8 19. Rde1 Ng8 20. f4 Nc6 21. c3
Nce7 22. fxg6 fxg6 23. Re6 c6 24. f5 Qc7 25. Qg5 gxf5 26. Nh5 Rf7 27. Rge1 Qxh2
28. Nf4 Rg7 29. R6e2 Qxe2 30. Qxg7+ Kxg7 31. Rxe2 Kf6 32. Rg2 Kf7 33. Nd3 Nf6
34. Rf2 Ne4 35. Rf1 Kf6 36. Ne5 Rg8 37. Ng4+ Ke6 38. Ne3 Rg5 39. Kc2 h5 40. a4
Nd6 41. Re1 Kf6 42. Kb3 Rg3 43. Bf1 f4 44. Ng2 Ng6 0-1

[Event "World Rapid 2018"]
[Site "St Petersburg RUS"]
[Date "2018.12.26"]
[Round "3.96"]
[White "Belyakov, Bogdan"]
[Black "Makoveev, Ilya"]
[Result "0-1"]
[WhiteTitle "IM"]
[BlackTitle "FM"]
[WhiteElo "2459"]
[BlackElo "2257"]
[WhiteFideId "24104795"]
[BlackFideId "34155748"]
[EventDate "2018.12.26"]

1. e4 c5 2. c3 d5 3. exd5 Qxd5 4. d4 Nf6 5. Nf3 Bf5 6. Be2 e6 7. O-O Nc6 8. Be3
cxd4 9. cxd4 Be7 10. Nc3 Qd6 11. Qb3 O-O 12. Rfd1 Rfd8 13. Rac1 Ng4 14. Qxb7
Rab8 15. Qa6 Rb6 16. Nb5 Qb4 17. Qa3 Qxa3 18. bxa3 a6 19. Nc7 Nxe3 20. fxe3 Bxa3
21. Rc3 Bb4 22. Rcc1 Ba3 23. Rc4 Rc8 24. Nxa6 Rxa6 25. Rc3 Raa8 26. Bd3 Bb4 27.
Rb3 Bxd3 28. Rdxd3 Rxa2 29. Rd1 Ra3 30. Rxa3 Bxa3 31. Kf2 Kf8 32. g4 Ke7 33. h4
Bd6 34. Ra1 Nb4 35. Ra7+ Rc7 36. Ra8 Rc2+ 37. Kf1 Nd5 38. Ra7+ Kf6 39. e4 Ne3+
40. Kg1 Rc1+ 41. Kf2 Nxg4+ 42. Ke2 Bf4 43. h5 g6 44. e5+ Kg7 45. d5 exd5 46. e6
Rc7 47. e7 Nf6 48. h6+ Kxh6 0-1

[Event "World Rapid 2018"]
[Site "St Petersburg RUS"]
[Date "2018.12.26"]
[Round "3.97"]
[White "Zakhartsov, Vladimir"]
[Black "Masrahi, Abdulrahman A"]
[Result "1-0"]
[WhiteTitle "IM"]
[BlackTitle "CM"]
[WhiteElo "2486"]
[BlackElo "1903"]
[WhiteFideId "4145097"]
[BlackFideId "21501564"]
[EventDate "2018.12.26"]

1. e4 e5 2. Nf3 Nc6 3. Bb5 a6 4. Bxc6 dxc6 5. O-O Ne7 6. Nc3 Ng6 7. d4 exd4 8.
Nxd4 c5 9. Nde2 Qxd1 10. Rxd1 Bd7 11. Be3 O-O-O 12. Rd2 Bd6 13. Rad1 Ne5 14. b3
Ng4 15. Bf4 Be5 16. Nd5 Rhe8 17. f3 Nf6 18. Bxe5 Rxe5 19. Nxf6 gxf6 20. Nf4 c6
21. Nd3 Rh5 22. g4 Rg8 23. Nf4 Bxg4 24. Nxh5 Bxh5+ 25. Kf2 Bg6 26. Rd7 Re8 27.
c4 h6 28. h4 h5 29. a4 a5 30. R1d2 b6 31. Ra7 Re6 32. Ra8+ Kb7 33. Rad8 Re7 34.
R2d7+ Rxd7 35. Rxd7+ Kc8 36. Re7 f5 37. Ke3 fxe4 38. fxe4 f5 39. Re6 1-0

[Event "World Rapid 2018"]
[Site "St Petersburg RUS"]
[Date "2018.12.26"]
[Round "3.98"]
[White "Carlsson, Pontus"]
[Black "Al Thebaiti, Ahmed M"]
[Result "1-0"]
[WhiteTitle "GM"]
[BlackTitle "CM"]
[WhiteElo "2463"]
[BlackElo "1976"]
[WhiteFideId "1705814"]
[BlackFideId "21502390"]
[EventDate "2018.12.26"]

1. e4 c6 2. d4 d5 3. e5 Bf5 4. h4 h5 5. Bd3 Bxd3 6. Qxd3 e6 7. Bg5 Qb6 8. Nd2
Nd7 9. Ngf3 Ne7 10. c4 Qa6 11. O-O Nb6 12. b3 Nf5 13. a4 c5 14. a5 Nd7 15. Qc2
dxc4 16. d5 cxb3 17. Nxb3 Be7 18. Bxe7 Nxe7 19. dxe6 Qxe6 20. Rad1 Rd8 21. Nxc5
Qc6 22. e6 fxe6 23. Rxd7 1-0

[Event "World Rapid 2018"]
[Site "St Petersburg RUS"]
[Date "2018.12.26"]
[Round "3.99"]
[White "Apryshko, Gleb"]
[Black "khayat, Abdullah F"]
[Result "1/2-1/2"]
[WhiteTitle "FM"]
[WhiteElo "2385"]
[BlackElo "1723"]
[WhiteFideId "24131792"]
[BlackFideId "21500460"]
[EventDate "2018.12.26"]

1. e4 d5 2. d3 dxe4 3. dxe4 Qxd1+ 4. Kxd1 e5 5. c3 Nf6 6. f3 Bc5 7. Nd2 a6 8. a4
Be6 9. Bc4 Bxc4 10. Nxc4 Nc6 11. Ke2 O-O 12. a5 h6 13. Nh3 Rfd8 14. Nf2 Bxf2 15.
Kxf2 Nd7 16. Be3 f6 17. g3 Nf8 18. f4 Rd7 19. f5 Rad8 20. g4 Kf7 21. h4 Rd3 22.
g5 fxg5 23. hxg5 hxg5 24. Bxg5 R8d7 25. Ke2 Rg3 26. Be3 Rg2+ 27. Bf2 Kf6 28. Kf3
Rxf2+ 29. Kxf2 Na7 30. Rad1 Nb5 31. Ne3 Nd6 32. Kf3 Nf7 33. Nd5+ Kg5 34. Rdg1# 1/2-1/2

[Event "World Rapid 2018"]
[Site "St Petersburg RUS"]
[Date "2018.12.26"]
[Round "3.100"]
[White "Tissir, Mohamed"]
[Black "Al Turky, Fahad A"]
[Result "1-0"]
[WhiteTitle "IM"]
[WhiteElo "2387"]
[BlackElo "1836"]
[WhiteFideId "9000240"]
[BlackFideId "21500401"]
[EventDate "2018.12.26"]

1. e4 d6 2. d4 Nf6 3. Nc3 g6 4. Nf3 Bg7 5. Be3 c6 6. h3 Nbd7 7. Qd2 Qa5 8. Bd3
e5 9. O-O O-O 10. Rae1 exd4 11. Nxd4 Ne5 12. f4 Nxd3 13. cxd3 Ne8 14. f5 d5 15.
Nb3 Qd8 16. Bc5 Nd6 17. Qf4 Ne8 18. Bxf8 Bxf8 19. fxg6 f6 20. exd5 cxd5 21. Nxd5
Qxd5 22. Rxe8 Kg7 23. Qxf6+ Kh6 24. g7+ 1-0

[Event "World Rapid 2018"]
[Site "St Petersburg RUS"]
[Date "2018.12.26"]
[Round "3.101"]
[White "Bilguun, Sumiya"]
[Black "Alsulaymi, Abdullah M"]
[Result "1-0"]
[WhiteTitle "IM"]
[WhiteElo "2497"]
[BlackElo "1833"]
[WhiteFideId "4901541"]
[BlackFideId "21511390"]
[EventDate "2018.12.26"]

1. e4 e5 2. Nf3 Nf6 3. Nc3 Nc6 4. Bb5 Nd4 5. Bc4 d6 6. h3 Be6 7. d3 h6 8. Be3 c5
9. a4 Bxc4 10. dxc4 Qb6 11. Ra2 Qb4 12. Nd2 Be7 13. O-O O-O 14. a5 b5 15. Nd5
Nxd5 16. cxd5 c4 17. c3 Qc5 18. b4 cxb3 19. cxd4 exd4 20. Nxb3 dxe3 21. Nxc5
exf2+ 22. Raxf2 dxc5 23. d6 Bg5 24. Rf3 1-0

[Event "World Rapid 2018"]
[Site "St Petersburg RUS"]
[Date "2018.12.26"]
[Round "3.102"]
[White "Kabanov, Nikolai"]
[Black "Ahmed, Hassan Abdillahi"]
[Result "1-0"]
[WhiteTitle "GM"]
[WhiteElo "2450"]
[BlackElo "1570"]
[WhiteFideId "4127820"]
[BlackFideId "32500033"]
[EventDate "2018.12.26"]

1. e4 c5 2. Nf3 g6 3. c3 Nc6 4. d4 cxd4 5. cxd4 e6 6. d5 exd5 7. exd5 Qa5+ 8.
Nc3 Nce7 9. Qd4 Nf6 10. Qxf6 Rg8 11. d6 Nf5 12. Bc4 Nxd6 13. O-O Qd8 14. Re1+
Be7 15. Qxd6 Kf8 16. Bh6+ 1-0

[Event "World Rapid 2018"]
[Site "St Petersburg RUS"]
[Date "2018.12.26"]
[Round "4.6"]
[White "Matlakov, Maxim"]
[Black "Karjakin, Sergey"]
[Result "1/2-1/2"]
[WhiteTitle "GM"]
[BlackTitle "GM"]
[WhiteElo "2700"]
[BlackElo "2753"]
[WhiteFideId "4168003"]
[BlackFideId "14109603"]
[EventDate "2018.12.26"]

1. d4 Nf6 2. c4 e6 3. g3 Bb4+ 4. Nd2 c5 5. dxc5 O-O 6. Bg2 Bxc5 7. Ngf3 b6 8.
O-O Bb7 9. b3 Be7 10. Bb2 d6 11. Nd4 Qc8 12. e4 Nc6 13. Qe2 Nd7 14. Rfd1 Re8 15.
Rac1 Nxd4 16. Bxd4 Bc6 17. Nb1 Qb7 18. Nc3 Rac8 19. Qb2 Qa8 20. Re1 Bf8 21. Rcd1
a6 22. a4 Nc5 23. Re2 g6 24. Qb1 Qb8 25. Bf6 Nd7 26. Bd4 Nc5 27. Bf6 b5 28. cxb5
axb5 29. axb5 Bxb5 30. Nxb5 Qxb5 31. Re3 Qb4 32. Ba1 Rb8 33. Rd4 Qb6 34. b4 Bg7
35. Rd1 Bxa1 36. Qxa1 Qxb4 37. h4 Red8 38. h5 Qb2 39. Qa7 Rd7 40. Qa5 gxh5 41.
Rc3 Qb5 42. Qa2 Qb4 43. Rc4 Qb3 44. Qe2 Rdb7 45. Rxd6 Nd7 46. Rcd4 Nf6 47. e5
Nd5 48. Bxd5 exd5 49. Qxh5 Rb4 50. R4xd5 Rf8 51. Rd8 Rb8 52. Qg5+ Kh8 53. Qf6+
Kg8 54. R8d6 Qb1+ 55. Kh2 Qg6 56. Qf4 Qh5+ 57. Kg2 Rb1 58. Rh6 Qe2 59. Rh1 Rxh1
60. Kxh1 Qh5+ 61. Kg2 Re8 62. Qd4 Re6 63. Rc5 Kg7 64. Kg1 Qf5 65. Rd5 Qh5 66.
Qc3 Qe2 67. Qd4 Qh5 68. Kg2 Qf5 69. Qf4 Qh5 70. g4 Qh4 71. Rd7 Re7 72. Rd6 Re6
73. Qf5 Rg6 74. f3 Qe1 75. Rxg6+ hxg6 76. Qf6+ Kh6 77. Qh8+ Kg5 78. Qf6+ Kh6 79.
Qh8+ Kg5 80. Qd8+ Kh6 81. Qd4 Qe2+ 82. Kg3 Qe1+ 83. Kf4 Kh7 84. Kg5 Kg7 85. e6+
Kh7 86. exf7 Qe5+ 87. Qxe5 1/2-1/2

[Event "World Rapid 2018"]
[Site "St Petersburg RUS"]
[Date "2018.12.26"]
[Round "4.11"]
[White "Korobov, Anton"]
[Black "Alekseev, Evgeny"]
[Result "1-0"]
[WhiteTitle "GM"]
[BlackTitle "GM"]
[WhiteElo "2698"]
[BlackElo "2639"]
[WhiteFideId "14105730"]
[BlackFideId "4138147"]
[EventDate "2018.12.26"]

1. d4 Nf6 2. c4 e6 3. Nf3 d5 4. Nc3 Bb4 5. Bg5 Nbd7 6. cxd5 exd5 7. e3 h6 8. Bh4
g5 9. Bg3 Ne4 10. Nd2 Nxg3 11. hxg3 Nb6 12. a3 Bf8 13. Bd3 c6 14. b4 Qe7 15. Qc2
Bg7 16. Nb3 Bg4 17. b5 Rc8 18. bxc6 bxc6 19. O-O h5 20. Bf5 Bxf5 21. Qxf5 Qf6
22. Qd3 h4 23. Nc5 g4 24. Rab1 h3 25. Qe2 Qh6 26. Qxg4 hxg2 27. Kxg2 f5 28. Qxf5
Qh2+ 29. Kf3 1-0

[Event "World Rapid 2018"]
[Site "St Petersburg RUS"]
[Date "2018.12.26"]
[Round "4.13"]
[White "Jakovenko, Dmitry"]
[Black "Alekseenko, Kirill"]
[Result "1/2-1/2"]
[WhiteTitle "GM"]
[BlackTitle "GM"]
[WhiteElo "2735"]
[BlackElo "2638"]
[WhiteFideId "4122356"]
[BlackFideId "4135539"]
[EventDate "2018.12.26"]

1. e4 c5 2. Nf3 Nc6 3. Nc3 d6 4. d4 cxd4 5. Nxd4 Nf6 6. Bg5 e6 7. Qd2 a6 8.
O-O-O Bd7 9. f3 Be7 10. Be3 Rc8 11. Nxc6 Bxc6 12. Kb1 O-O 13. g4 Nd7 14. g5 b5
15. a3 Qc7 16. h4 Bb7 17. h5 Ne5 18. Qg2 Nc4 19. Bxc4 Qxc4 20. g6 Bf6 21. Rxd6
b4 22. axb4 Qxb4 23. Rb6 Qe7 24. gxf7+ Qxf7 25. Ne2 Bd8 26. Rb3 Qxf3 27. Qxf3
Rxf3 28. Nd4 Rf7 29. Nxe6 Bxe4 30. Nxd8 Bxc2+ 31. Ka1 Bxb3 32. Nxf7 Kxf7 33.
Rf1+ Ke6 34. Bd4 g5 35. hxg6 hxg6 36. Bc3 Ke7 37. Rf3 Rb8 38. Kb1 Rb5 39. Rg3
Kf7 40. Bd2 Kf6 41. Rf3+ Ke5 42. Rg3 Be6 43. Kc2 Bf5+ 44. Kc3 Rb7 45. b4 Rc7+
46. Kb3 Ke4 47. Re3+ Kd4 48. Rc3 Be6+ 49. Kc2 Bc4 50. Be3+ Kd5 51. Ra3 Rh7 52.
Bd2 Kd4 53. Rg3 Be6 54. Rd3+ Ke5 55. Bc3+ Kf5 56. Rd6 Rh2+ 57. Kd3 Rh3+ 58. Kd2
Bc4 59. Rf6+ Kg5 60. Rc6 Bb5 61. Rc5+ Kf4 62. Be5+ Ke4 63. Bf6 Rd3+ 64. Kc2 Rf3
65. Be7 Kd4 66. Rc8 Rf2+ 67. Kb3 Rf3+ 68. Kb2 Rf7 69. Bc5+ Ke4 70. Rf8 Rd7 71.
Rg8 Rd2+ 72. Kc1 Rg2 73. Be7 Kd3 74. Bf6 Kc4 75. Be7 Kc3 76. Rd8 g5 77. Rd1 g4
78. Re1 Bd3 79. Bd6 Rc2+ 80. Kd1 Ra2 81. Be5+ Kxb4 82. Re3 Kc4 83. Rg3 Be2+ 84.
Kc1 Bf3 85. Rg1 Re2 86. Bd6 Kc3 87. Kb1 a5 88. Ka1 Re6 89. Rc1+ Kd2 90. Bf4+ Kd3
91. Rc5 a4 92. Kb2 Bc6 93. Rg5 Bf3 94. Ra5 Re4 95. Bd6 Rd4 96. Be5 Re4 97. Bd6
Re2+ 98. Ka3 Bc6 99. Rc5 Bd7 100. Rc7 Bb5 101. Rc5 Bd7 102. Rc7 Bb5 103. Rc5 Bc4
104. Kxa4 Re6 105. Bc7 Kc3 106. Be5+ Kd3 107. Bc7 Kd4 108. Rg5 Be2 109. Kb4 Re7
110. Bd6 Rb7+ 111. Ka5 Rb1 112. Bc5+ Ke4 113. Bd6 Kd4 114. Bc5+ Kc4 115. Bd6 Bf3
116. Rc5+ Kd4 117. Rg5 Rb3 118. Bc5+ Kc4 119. Bd6 Rb7 120. Rc5+ Kd4 121. Rg5 Rd7
122. Bg3 Be2 123. Kb6 Bf3 124. Bc7 Ke3 125. Rg6 Rd5 126. Bg3 Ke2 127. Re6+ Kf1
128. Rg6 Kg2 129. Bc7 Kf2 130. Rg7 Rh5 131. Bd6 Rh3 132. Kc5 Rh6 133. Rg5 Ke3
134. Rg7 Rh5+ 135. Kb6 Kd4 136. Bg3 Rh6+ 137. Kc7 Ra6 138. Rg5 Ra7+ 1/2-1/2

[Event "World Rapid 2018"]
[Site "St Petersburg RUS"]
[Date "2018.12.26"]
[Round "4.18"]
[White "Oparin, Grigoriy"]
[Black "Kevlishvili, Robby"]
[Result "1-0"]
[WhiteTitle "GM"]
[BlackTitle "IM"]
[WhiteElo "2613"]
[BlackElo "2451"]
[WhiteFideId "24125890"]
[BlackFideId "1040634"]
[EventDate "2018.12.26"]

1. c4 e5 2. Nc3 Nf6 3. Nf3 Nc6 4. e3 Bb4 5. Qc2 d6 6. Ne2 a5 7. Ng3 O-O 8. a3
Bc5 9. b3 Re8 10. d3 Ba7 11. Be2 d5 12. cxd5 Nxd5 13. O-O f5 14. e4 Nf4 15. exf5
Qd5 16. Be3 Nd4 17. Bxd4 exd4 18. Rfe1 Bxf5 19. Nxf5 Qxf5 20. Bf1 c6 21. g3 Nd5
22. Bg2 Nc3 23. b4 axb4 24. axb4 Bb6 25. Rxa8 Rxa8 26. Ne5 Re8 27. f4 Bc7 28.
Be4 Nxe4 29. dxe4 Qe6 30. Nd3 Ra8 31. Nc5 Qa2 32. Qxa2+ Rxa2 33. Rd1 Bb6 34.
Rxd4 Rb2 35. Kh1 h5 36. e5 Bxc5 37. bxc5 Rc2 38. Rd7 Rxc5 39. Rxb7 Rc2 40. e6
Kf8 41. f5 Rf2 42. Rf7+ Kg8 43. Kg1 Rc2 44. Rc7 Kf8 45. h3 c5 46. Kf1 c4 47. g4
hxg4 48. hxg4 c3 49. g5 Rc1+ 50. Kf2 Rc2+ 51. Kg3 Re2 52. Rxc3 g6 53. Rc8+ Ke7
54. f6+ 1-0

[Event "World Rapid 2018"]
[Site "St Petersburg RUS"]
[Date "2018.12.26"]
[Round "4.20"]
[White "Mamedov, Rauf"]
[Black "Tsydypov, Zhamsaran"]
[Result "1-0"]
[WhiteTitle "GM"]
[BlackTitle "IM"]
[WhiteElo "2703"]
[BlackElo "2529"]
[WhiteFideId "13401653"]
[BlackFideId "4108566"]
[EventDate "2018.12.26"]

1. e4 c5 2. Nc3 d6 3. Nf3 Nf6 4. e5 dxe5 5. Nxe5 Nbd7 6. d4 e6 7. Bb5 a6 8.
Bxd7+ Nxd7 9. Qh5 Nxe5 10. dxe5 b5 11. Bg5 Qc7 12. O-O-O Bb7 13. Rd2 b4 14. Ne2
Qxe5 15. Rhd1 Be7 16. f4 Qe3 17. Bxe7 Kxe7 18. Kb1 Bd5 19. Rd3 Qe4 20. Ng3 Qxf4
21. Rxd5 exd5 22. Rf1 Qd2 23. Qe5+ Kf8 24. Qc7 f6 25. Nf5 Qxg2 26. Qe7+ Kg8 27.
Nh6+ 1-0

[Event "World Rapid 2018"]
[Site "St Petersburg RUS"]
[Date "2018.12.26"]
[Round "4.21"]
[White "Sarana, Alexey"]
[Black "Le, Quang Liem"]
[Result "1-0"]
[WhiteTitle "GM"]
[BlackTitle "GM"]
[WhiteElo "2618"]
[BlackElo "2714"]
[WhiteFideId "24133795"]
[BlackFideId "12401137"]
[EventDate "2018.12.26"]

1. d4 Nf6 2. Nf3 d5 3. c4 e6 4. Nc3 Bb4 5. Bg5 h6 6. Bxf6 Qxf6 7. e3 O-O 8. Rc1
Rd8 9. a3 Bxc3+ 10. Rxc3 c6 11. Bd3 dxc4 12. Rxc4 b6 13. Rc3 Bb7 14. Be4 Qe7 15.
Qb3 Rc8 16. O-O Na6 17. Rfc1 Rab8 18. Bxc6 Nc5 19. dxc5 Rxc6 20. Nd4 Rxc5 21.
Rxc5 bxc5 22. Nc6 Qg5 23. g3 Qg4 24. Nxb8 Qf3 25. Kf1 Qh1+ 26. Ke2 Bf3+ 27. Kd2
Qxh2 28. Qd3 Qxf2+ 29. Kc3 Qxg3 30. Nd7 h5 31. Rf1 Bg2 32. Rf4 h4 33. Ne5 f6 34.
Ng6 h3 35. Rh4 Kf7 36. Nh8+ Ke7 37. Ng6+ Kf7 38. Rh8 Qe1+ 39. Kc2 Qf2+ 40. Kb3
Bd5+ 41. Ka4 f5 42. Ne5+ Ke7 43. Qc3 h2 44. Qxc5+ Kf6 45. Ng4+ fxg4 46. Qf8+ 1-0

[Event "World Rapid 2018"]
[Site "St Petersburg RUS"]
[Date "2018.12.26"]
[Round "4.22"]
[White "Novikov, Stanislav"]
[Black "Tomashevsky, Evgeny"]
[Result "1-0"]
[WhiteTitle "GM"]
[BlackTitle "GM"]
[WhiteElo "2540"]
[BlackElo "2705"]
[WhiteFideId "4125371"]
[BlackFideId "4147235"]
[EventDate "2018.12.26"]

1. e4 e5 2. Nf3 Nc6 3. Bb5 a6 4. Bxc6 dxc6 5. O-O Bd6 6. d4 exd4 7. Qxd4 f6 8.
Be3 Ne7 9. Nbd2 Be6 10. Rad1 Ng6 11. Nc4 Bxc4 12. Qxc4 Qe7 13. c3 O-O-O 14. b4
Rhe8 15. Rd4 Qe6 16. Qxe6+ Rxe6 17. Nd2 Ne5 18. f3 Rde8 19. Nb3 f5 20. Bf2 fxe4
21. Rxe4 Nd3 22. Rxe6 Rxe6 23. Nd4 Rf6 24. Bg3 c5 25. bxc5 Bxc5 26. Rd1 Nf4 27.
Kf1 Nd5 28. Rd3 Bxd4 29. Rxd4 Nxc3 30. Be5 Rf5 31. Bxg7 Nxa2 32. f4 c5 33. Re4
Rf7 34. Ba1 b5 35. g4 c4 36. Ke2 Nb4 37. g5 Nd5 38. Be5 Kd7 39. h4 Ne7 40. h5
Nf5 41. Kf3 a5 42. Kg4 Ne7 43. Bf6 Nd5 44. Bd4 Ne7 45. Bf6 Nd5 46. Be5 Ne7 47.
Rd4+ Ke8 48. Rd6 b4 49. g6 hxg6 50. hxg6 Rf8 51. g7 Rg8 52. f5 c3 53. f6 c2 54.
Bb2 Kf7 55. Kg5 Rc8 56. Rd7 c1=Q+ 57. Bxc1 Rc5+ 58. Kh6 Kxf6 59. Bb2+ Kf5 1-0

[Event "World Rapid 2018"]
[Site "St Petersburg RUS"]
[Date "2018.12.26"]
[Round "4.24"]
[White "Shaposhnikov, Evgeny"]
[Black "Guseinov, Gadir"]
[Result "0-1"]
[WhiteTitle "GM"]
[BlackTitle "GM"]
[WhiteElo "2576"]
[BlackElo "2664"]
[WhiteFideId "4122232"]
[BlackFideId "13401378"]
[EventDate "2018.12.26"]

1. e4 c5 2. Nf3 g6 3. Bc4 Bg7 4. c3 d6 5. d4 cxd4 6. cxd4 Nf6 7. Qe2 O-O 8. O-O
Bg4 9. e5 dxe5 10. dxe5 Nfd7 11. e6 Ne5 12. exf7+ Kh8 13. Rd1 Qc7 14. Bd5 Nbc6
15. Nc3 e6 16. h3 Bxf3 17. Bxf3 Nd4 18. Rxd4 Nxf3+ 19. Qxf3 Bxd4 20. Nb5 Qe5 21.
Nxd4 Qxd4 22. Bh6 Qxb2 23. Re1 g5 24. Rxe6 Qc1+ 25. Kh2 Qc7+ 26. g3 Qxf7 27.
Qc3+ Kg8 28. f4 Rae8 29. Re5 Rxe5 30. Qxe5 Re8 31. Qxg5+ Kh8 32. h4 Qg6 33. Qb5
a6 34. Qb2+ Kg8 35. Qb3+ Qe6 36. f5 Qxb3 37. axb3 a5 38. g4 b5 39. h5 a4 40.
bxa4 bxa4 41. g5 a3 42. g6 Re5 0-1

[Event "World Rapid 2018"]
[Site "St Petersburg RUS"]
[Date "2018.12.26"]
[Round "4.25"]
[White "Smirin, Ilia"]
[Black "Sjugirov, Sanan"]
[Result "0-1"]
[WhiteTitle "GM"]
[BlackTitle "GM"]
[WhiteElo "2609"]
[BlackElo "2663"]
[WhiteFideId "2801990"]
[BlackFideId "4189302"]
[EventDate "2018.12.26"]

1. e4 c5 2. Nf3 d6 3. d4 cxd4 4. Nxd4 Nf6 5. Nc3 a6 6. a4 e5 7. Nf3 Be7 8. Bc4
Be6 9. Qe2 Qc7 10. Bb3 Nc6 11. O-O O-O 12. Nd5 Bxd5 13. exd5 Nb4 14. Rd1 a5 15.
c3 Na6 16. Bc2 Rfe8 17. h3 g6 18. Nh2 Nd7 19. Ng4 f5 20. Nh6+ Kg7 21. Nxf5+ gxf5
22. Qh5 Nf6 23. Qxf5 Qd7 24. Qg5+ Kh8 25. Bf5 Qc7 26. Qh4 Bd8 27. Bg5 Ng8 28. b4
Bxg5 29. Qxg5 Qg7 30. Qd2 Ne7 31. Be6 Ng6 32. g3 Nf4 33. Bg4 h5 34. Bf3 Nxh3+
35. Kh2 Rf8 36. Qe3 Nxf2 0-1

[Event "World Rapid 2018"]
[Site "St Petersburg RUS"]
[Date "2018.12.26"]
[Round "4.26"]
[White "Anton Guijarro, David"]
[Black "Bindrich, Falko"]
[Result "1-0"]
[WhiteTitle "GM"]
[BlackTitle "GM"]
[WhiteElo "2642"]
[BlackElo "2606"]
[WhiteFideId "2285525"]
[BlackFideId "4676670"]
[EventDate "2018.12.26"]

1. e4 e5 2. Nf3 Nf6 3. d4 Nxe4 4. dxe5 d5 5. Nbd2 Nc5 6. Be2 Be7 7. O-O Nc6 8.
Re1 O-O 9. Nb3 Nxb3 10. axb3 Bg4 11. h3 Bh5 12. c3 Qd7 13. b4 a6 14. Bf4 Nd8 15.
Nd4 Bxe2 16. Qxe2 Ne6 17. Be3 f5 18. Nxe6 Qxe6 19. f4 g5 20. Bc5 Bxc5+ 21. bxc5
gxf4 22. Qf2 Kh8 23. Qxf4 Rg8 24. Re2 Rg6 25. Rf1 Rf8 26. Kh2 Rg7 27. Rf3 Rgf7
28. Rd3 Rg8 29. Red2 Rfg7 30. Rf3 Rg5 31. Kh1 Qg6 32. Rff2 Rg3 33. Qxf5 Rxg2 34.
Qxg6 R2xg6 35. Rxd5 Re6 36. Rf7 Reg6 37. Rd2 Re8 38. Rxc7 Rxe5 39. Rd8+ Rg8 40.
Rxg8+ Kxg8 41. Kg1 Re1+ 42. Kf2 Rb1 43. Rxb7 1-0

[Event "World Rapid 2018"]
[Site "St Petersburg RUS"]
[Date "2018.12.26"]
[Round "4.27"]
[White "Motylev, Alexander"]
[Black "Demidov, Mikhail"]
[Result "1-0"]
[WhiteTitle "GM"]
[BlackTitle "IM"]
[WhiteElo "2644"]
[BlackElo "2520"]
[WhiteFideId "4121830"]
[BlackFideId "4197143"]
[EventDate "2018.12.26"]

1. e4 Nf6 2. e5 Nd5 3. d4 d6 4. Nf3 Nb6 5. a4 a5 6. Bb5+ c6 7. Be2 g6 8. O-O Bg7
9. Bf4 O-O 10. Qc1 Bg4 11. h3 Bxf3 12. Bxf3 Na6 13. Rd1 Qc7 14. exd6 exd6 15. c4
Rad8 16. c5 Nc8 17. Nc3 Qe7 18. cxd6 Nxd6 19. d5 Nb4 20. dxc6 bxc6 21. Bxc6 Nf5
22. Bb5 Rc8 23. Bd7 Rcd8 24. Bxf5 gxf5 25. Qe3 Qxe3 26. fxe3 Rd3 27. Bc7 Ra8 28.
Rxd3 Nxd3 29. Rb1 Nxb2 30. Rxb2 Bxc3 31. Rb5 Rc8 32. Bxa5 Bxa5 33. Rxa5 Rc1+ 34.
Kf2 Ra1 35. Kf3 Kg7 36. Ra6 f6 37. Ra8 Rf1+ 38. Ke2 Rg1 39. Kf2 Ra1 40. a5 Ra3
41. a6 Ra1 42. Ke2 Ra2+ 43. Kd3 Rxg2 44. Rc8 Ra2 45. Rc7+ Kg6 46. a7 h5 47. Kc3
f4 48. exf4 Kf5 49. Kb4 Kxf4 50. Rc4+ 1-0